000 00294nam a22001217a 4500
082 _a425
_bMOO/E
100 _aMOOSAKKUTTY,N
245 _aENGLISH MALAYALAM WORD BOOK
260 _aTHRISSUR
_bH&C PUBLISHING HOUSE
300 _a96
650 _aENGLISH MALAYALAM WORD BOOK
_zTHRISSUR
942 _cBK
999 _c3843
_d3843